000 00344nam a2200109 4500
999 _c14063
_d14063
008 190731b ||||| |||| 00| 0 eng d
245 _a7 of 10 Filipinos believe policeman involved in illegal drug trade, EJKs.
260 _aPhilippines:
_bPhilippine Daily Inquirer;
_cc2019.
300 _apage A4.
650 0 _939068
_aPolice.
942 _2ddc
_cPER